000 00213nam a2200085Ia 4500
008 120527s9999 xx 000 0 und d
100 _aHorne Van.James
245 _aFoundations for financial managements
942 _cBK
999 _c27263
_d27263